[Event "London Classic"]
[Site "London"]
[Date "2009.12.08"]
[Round "1"]
[White "Model game 3: Carlsen, Magnus"]
[Black "Kramnik, Vladimir"]
[Result "1-0"]
[WhiteElo "2801"]
[BlackElo "2772"]
[Annotator "Carlsen,M/Kuljasevic,D"]
[PlyCount "85"]
[EventDate "2009.12.08"]
[EventType "tourn"]
[EventRounds "7"]
[EventCountry "ENG"]
[EventCategory "18"]
[SourceTitle "CBM 134"]
[Source "ChessBase"]
[SourceDate "2010.01.18"]
[SourceVersion "1"]
[SourceVersionDate "2010.01.18"]
[SourceQuality "1"]

{[%evp 0,85,30,-12,-11,-11,-14,-14,-15,-29,-34,-34,-35,-9,-3,-3,0,-5,5,-1,-13,
-16,-16,-16,-27,-24,-24,-3,-1,2,-1,1,0,0,0,0,0,0,6,10,18,25,36,0,15,31,54,54,
51,52,84,64,84,79,83,79,87,38,67,85,75,74,47,49,65,71,78,87,155,175,154,166,
198,207,190,211,205,199,207,210,210,210,350,362,381,442,397,611]} 1. c4 Nf6 2.
Nc3 e5 3. Nf3 Nc6 4. g3 d5 5. cxd5 Nxd5 6. Bg2 Nb6 7. O-O Be7 8. a3 O-O 9. b4
Be6 10. Rb1 f6 11. d3 a5 {[%csl Rb4] This move, which Kramnik played very
quickly, has recently been overtaken by the immediate 11...Nd4 as the main
move. The text complicates play a bit: Black will gain an outpost on b3 for
his bishop after an eventual a4, as well as some pressure against a3, but on
the other hand the c7-pawn is now backward.} 12. b5 Nd4 {[%csl Ra3,Rb5,Rb7,Rc7]
[%cal Ya5a4] [#]} 13. Nd2 {[%cal Rc7c6]} Qc8 {[%cal Gf8d8]} (13... Bd5 {
is the other main line here}) (13... Nd5 $4 14. Bxd5 Bxd5 15. e3 {is a well
known trap: Black loses a piece by force.}) ({Now Black cannot play} 13... c6 {
so easily anymore since opening of the b-file is in White's favor:} 14. bxc6
Nxc6 15. Nc4 $1 Nxc4 16. dxc4 $14 {[%csl Rb7]}) 14. e3 {[%cal Rd4b5]} Nf5 15.
Qc2 {[%csl Rb7,Rc7][%cal Yc2c7,Gc1b2,Gf1c1] [#] Here or on the next move ( I
was more or less out of book here) I considered playing a4 myself, which
however has the drawback of giving up the b4 square, where a black bishop
might eventually sit comfortably.} (15. a4 Bb4 {[%csl Yb4]}) 15... Rd8 16. Bb2
a4 {[%csl Ra3,Yb3]} 17. Rfc1 {Quite logically, White is piling up the pressure
in the c-file.} Nd6 {[%csl Rb5][%cal Ya8a5,Rd2c4]} 18. Nde4 Ne8 {[%csl Yc7,Rd3]
[%cal Yc8d7] [#] Even though this unlucky knight ended up staying here for the
rest of the game, I think this is a good move, as the knight is protecting c7,
while the white pieces are stepping on each other's toes.} 19. Qe2 $1 {[%csl
Ye5][%cal Gf2f4,Ye2h5] I liked this move. I bring the queen a bit closer to
the kingside and increase my influence over some light squares which will be
important in the likely event of White playing f4. Perhaps even more
importantly though, it was hard to find another useful move.} (19. Ne2 $6 Bb3 {
is awkward, since c7 is now protected.} 20. Qc3 Qd7 $1 {winning a pawn.}) 19...
Bf8 (19... Bh3 20. Bf3 {should be an improvement of the position for White, as
Black will now have to reckon with g4.}) 20. f4 {I felt that there was no
other plan here. 20.f4 increases my central control, but does at the same time
weaken my position a bit.} exf4 21. gxf4 {[%csl Rg1]} Qd7 {[%csl Rb5,Rd3]
Consistent, as it more or less forces my next move.} 22. d4 {[%cal Ge4c5] [#]
I was aiming for this position, believing that I would have good chances
because of the dynamic possibilities connected with Nc5. I think Kramnik was
not too unhappy with it either, as yet another weakness is created in my
position.} c6 {This was more or less the only move I considered, as I thought
that Black had to something to prevent b7 from collapsing completely.} (22...
Bc4 $5 23. Qf2 Bd3 {was actually quite good, but Kramnik probably (if so,
probably quite correctly) decided that there was no reason to start concrete
war} 24. Nc5 $1 {looked strong to me during the game, but Black is probably
fine here after} Bxc5 25. dxc5 Nc4 $1 (25... Bxb1 26. Rxb1 {gives White
excellent compensation for the exchange, as Black cannot play} Nc4 {due to} 27.
Bd5+) 26. Bxb7 Qg4+ 27. Qg2 Qxg2+ 28. Bxg2 Rab8 {and Black is absolutely fine.}
) 23. Nc5 Bxc5 24. dxc5 Nc4 25. Rd1 Qc7 $6 {The most solid move. This move
also has some downsides though, as it doesn't address the capture of c5 which
would leave the passive knight on e8 an excellent square on d6, as well as
taking away the c7-square from the very same knight.} (25... Nd2 {It took me a
little time to refute this crazy-looking move over the board, but fortunately
it's not very hard:} 26. bxc6 bxc6 27. Ne4 Nxb1 (27... Bg4 28. Qxd2 $1) 28.
Rxd7 Rxd7 29. Nd6 $1 (29. Qe1 Rb8 30. Qxb1 Rdb7 {is not at all clear}) 29...
Nxd6 30. Bxc6 {with decisive gains of material.}) (25... Qe7 $1 {[%csl Rc5]
Attacking c5 looked very risky to me during the game, but is probably possible:
Das Angreifen von c5 schien mir während der Partie sehr riskant zu sein, aber
es ist wahrscheinlich möglich:} 26. bxc6 bxc6 27. Bxc6 Rxd1+ (27... Rac8 28.
Rxd8 Qxd8 29. Bxa4 Rxc5 30. Ne4 Rc8 {should be a draw as well, as Black is
very active. sollte ebenfalls remis sein, da Schwarz sehr aktiv steht.}) 28.
Rxd1 Rc8 29. Nd5 Qxc5 30. Bd4 {I stopped my calculations here during the game,
thinking that White is winning material. However it turns out that after Hier
brach ich während der Partie meine Berechnungen ab, da ich meinte, dass Weiß
Material gewinnt. Es stellt sich jedoch heraus, dass nach} Qd6 31. Qxc4 Kh8 {
and surprisingly White has no way of remaining material up Weiß
überraschenderweise keinen Weg hat, das Mehrmaterial zu behaupten.} 32. Qxa4
Bxd5 33. Bxd5 Qxd5 {and due to White's weakened king and offside queen, Black
should not lose. und aufgrund des geschwächten weißen Königs und der
abseits stehenden Dame sollte Schwarz nicht verlieren.}) 26. Bc1 $1 {Bad
bishops protect good (potentially at least) pawns, and I need this one to
protect e3 and a3! Additionally, the knight might now turn out to be exposed
on c4, as both Rd4 and Rb4 are in the air. However, I still don't think that
White has any real advantage, especially in a practical game, as White is
still a bit exposed. Schlechte Läufer decken gute (potentiell zumindest)
Bauern, und diesen brauche ich, um e3 und a3 zu beschützen! Außerdem könnte
sich der Springer auf c4 jetzt als exponiert erweisen, da sowohl Rd4 als auch
Rb4 in der Luft liegen. Ich glaube aber trotzdem nicht, dass Weiß irgendeinen
realen Vorteil hat, vor allem in einer praktischen Partie, da er noch immer
ein bisschen exponiert steht.} Na5 {Black needs to relocate this knight in
order to create counterplay. Schwarz muss seinen Springer umsiedeln, um
Gegenspiel aufzuziehen.} 27. bxc6 bxc6 {[%csl Ra4,Yb3,Rc1,Rc6,Re8,Rg1]} 28.
Nxa4 $6 {I was very happy to discover that this move does not lose any
material, even though it looks a bit loose. Ich war sehr glücklich zu
entdecken, dass dieser Zug kein Material verliert, obwohl es ein bisschen
locker wirkt.} (28. Rb4 {was another move I considered, but I did not like war
ein weiterer Zug, an dem ich überlegte, aber mir missfiel} Nb3 (28... Bb3 29.
Rxd8 Rxd8 30. Bf1 {and a4 is falling, without any real compensation und a4
fällt, ohne wirkliche Kompensation}) 29. Nxa4 Nxc1 30. Rxc1 f5 {when Black
has some counterplay. However, White is probably still a bit better, and I
should probably have gone for this. , wonach Schwarz etwas Gegenspiel hat.
Trotzdem, Weiß steht vermutlich dennoch ein bisschen besser, und ich hätte
wahrscheinlich so spielen sollen.}) 28... Rxd1+ (28... Nb3 29. Nb6 {looked
good for White to me due to sah mir gut aus für Weiß wegen} (29. Rxd8 Rxd8
30. Bb2 {is Rybka's first choice, but looks too risky to me ist Rybkas erste
Wahl, scheint mir aber riskant}) 29... Nxc1 (29... Ra5 {is what I missed; now
Black has good counterplay ist, was ich übersah, nun hat Schwarz gutes
Gegenspiel}) 30. Rbxc1 Rxd1+ 31. Qxd1 Rxa3 32. Qd4 {with some kind of
domination, though Black still retains some drawing chances. mit einer Art von
Dominanz, obwohl Schwarz noch immer einige Remischancen wahrt.}) 29. Qxd1 Rd8
30. Qc2 Qf7 31. Nc3 (31. Nb6 {was my original intention, but I eventually
rejected it because of war meine ursprüngliche Absicht, aber am Ende verwarf
ich dies wegen} Bb3 32. Qc3 Rd1+ 33. Kf2 Qh5 34. Rxb3 Nxb3 35. Qxb3+ Kh8 {
when it seemed to me that Black had too much activity. , wonach mir schien,
dass Schwarz zu viel Aktivität hätte.}) 31... Qh5 32. Ne2 {I was very happy
with my position here, thinking that I was on my way to consolidation Hier war
ich sehr zufrieden mit meiner Stellung, da ich glaubte, auf dem Weg zur
Konsolidierung zu sein.} Bf5 $2 {Perhaps his only real mistake in this game.
Vielleicht sein einziger wirklicher Fehler in dieser Partie.} ({He could have
retained dynamic equality with the amazing Er hätte dynamisches Gleichgewicht
wahren können mit dem verblüffenden} 32... Kf8 $3 {with the idea of ...Bb3
next. The point, which we probably both missed, is that White cannot play mit
der Idee ...Bb3 als nächstes. Die Pointe, die wir wahrscheinlich beide
übersahen, ist, dass Weiß nicht} 33. Nd4 {because of spielen kann wegen} Rxd4
34. exd4 Bf5 {and Black is at least not worse, as und Schwarz steht zumindest
nicht schlechter, denn} 35. Be4 {fails to scheitert an} Qg6+ 36. Qg2 Qxg2+ $1)
(32... Bg4 33. Ng3 Rd1+ 34. Qxd1 {is probably why he decided to play ...Bf5.
ist wahrscheinlich der Grund, weshalb er sich für ...Bf5 entschied.}) 33. e4
Bg4 34. Ng3 {Now however Black has nothing. Nun allerdings hat Schwarz gar
nichts.} Qf7 ({Kramnik had probably been hoping that Kramnik hatte womöglich
gehofft, dass} 34... Rd1+ {would be good here, but this is easily refuted by
the calm hier gut sein würde, aber dies wird einfach widerlegt durch das
ruhige} 35. Bf1 (35. Qxd1 $4 Qxc5+)) 35. Bf1 $1 Be6 36. Qc3 Ra8 37. Rb4 {
Now White is in complete control, with a positional as well as a material
advantage. The knight on e8 still has no prospects. Nun hat Weiß vollständig
die Kontrolle, bei positionellem wie auch materiellem Vorteil. Der Springer
auf e8 hat noch immer keine Perspektiven.} Qd7 38. f5 Bf7 39. Bf4 Qd1 40. Kf2
Nb3 {Desperation, but it was either this or losing slowly without counterplay.
Verzweiflung, aber es hieß, entweder dies oder langsam verlieren ohne
Gegenspiel.} 41. Be2 Qb1 42. Bc4 Rxa3 43. Ne2 {Black resigned as he is
completely tied up and defenceless against threats like Rb8 and Bxf7+. Schwarz
gab auf, denn er ist vollständig gebunden und wehrlos gegen Drohungen wie Rb8
und Bxf7+.} (43. Bxf7+ Kxf7 44. Qc4+ Kf8 45. Rb8 Ra2+ 46. Ne2 Rxe2+ 47. Qxe2 {
would have won even quicker, but would not have led to such a nice final
position :-) hätte sogar noch schneller gewonnen, dafür aber nicht zu einer
schönen Schlussstellung geführt :-)}) 1-0

[Event "Norway Chess 2nd"]
[Site "Stavanger"]
[Date "2014.06.03"]
[Round "1"]
[White "Model game 4: Svidler, Peter"]
[Black "Kramnik, Vladimir"]
[Result "1/2-1/2"]
[WhiteElo "2753"]
[BlackElo "2783"]
[Annotator "Marin,M"]
[PlyCount "80"]
[EventDate "2014.06.03"]
[EventType "tourn"]
[EventRounds "9"]
[EventCountry "NOR"]
[EventCategory "21"]
[SourceTitle "CBM 161"]
[Source "ChessBase"]
[SourceDate "2014.07.16"]
[SourceVersion "1"]
[SourceVersionDate "2014.07.16"]
[SourceQuality "1"]

{[%evp 0,80,34,-14,2,-15,-15,-15,-23,-34,-3,-11,-11,-16,0,5,5,5,5,-13,1,-16,
-22,-10,-5,-11,-11,-23,0,0,0,0,0,0,0,-10,0,0,0,8,25,0,22,-27,-28,-30,-17,-59,
10,-25,-23,-30,-30,-34,-33,-24,-28,-2,-34,-15,-7,0,0,-27,-24,-23,-33,-33,-30,
-23,-23,-23,13,6,6,4,8,7,1,0,0,5,6]} 1. c4 Nf6 2. Nc3 e5 3. Nf3 Nc6 4. g3 d5 5.
cxd5 Nxd5 6. Bg2 Nb6 7. O-O Be7 8. a3 O-O 9. b4 Be6 10. Rb1 f6 11. d3 a5 12. b5
Nd4 13. Nd2 Qc8 14. e3 Nf5 15. Qc2 Rd8 {This is one of the most complicated
tabyias of the English Opening, both in analysing and over-the-board play.
White surely has some queenside achievements, but his main problem is to
formulate a coherent plan. In practice, White's play is frequently of a
speculative character, aiming to take advantage of any imperceptible black
inaccuracy. In my English trilogy I had come up with some improvements against
the then fashionable plan favoured by Tiviakov, based on ...a5-a4 and ...
Ra8-a5. But in the meanwhile Black started playing more neutral plans, as if
inviting White to show his hand.} 16. Bb2 {This is the most popular move, but
chance made me discover what may be the clue to White's play. At the 2012
Olympiad I shared a room with Vladislav Nevednichy, who felt inspired to play
the English Opening in a few games. He frequently asked me for general advice,
but did not hesitate to share with me an over-the-board discovery.} ({He
called his} 16. Re1 $5 {[%csl Re6,Re7][%cal Gd3d4,Yg2f1,Yd2c4] a fantastic
novelty, without giving any further detail. Later, I examined the move and
came to the conclusion that he was right. If White wishes to have a coherent
plan, this should be based on Nd2-c4. Against Tiviakov's ...a4 and ...Ra5 this
works very well, but against neutral plans it is harder to carry out. One
possible idea of the last move is preparing Bf1 followed by Nc4 without facing
the pin along the d-file. In other cases, when White switches to d3-d4, the
rook is clearly useful on e1.} Nh6 (16... Nd6 17. d4 $36) (16... a4 17. Bb2 {
[%csl Gd5][%cal Gg2f1,Gd2c4]} Nd6 18. d4 $5) 17. d4 $1 Nf7 (17... exd4 18. exd4
Nf5 19. Bh3 Nxd4 20. Bxe6+ Nxe6 21. Qa2 Kf7 22. Rb2 Re8 23. Rc2 Qd7 24. Nf3 $36
) 18. Nf3 Nc4 19. Ra1 Bf8 20. dxe5 {This may be a hurried decision and I
remember that Vladik was not happy with it.} (20. d5 $5 {looks interesting}) ({
but I assume it would be best to keep the tension for a while:} 20. Bf1 $1 Ncd6
21. Bd3 $14) 20... Ncxe5 21. Nd4 Bh3 22. Bh1 c5 23. bxc6 Nxc6 24. Nxc6 (24. Qb2
$5 Rb8 25. Nd5) 24... bxc6 25. Ne4 Qf5 $132 {Nevednichy,V (2554)-Ringoir,T  
(2448) Istanbul 2012 (1/2-1/2, 30)}) 16... a4 17. Rfc1 Nd6 {There is no way
White can play Nc4 now.} 18. Nde4 Nf7 $146 {[%csl Gf7] [#]} ({Kramnik deviates
from} 18... Ne8 {which caused him a defeat at the hands of a then very young
Carlsen in Carlsen,M (2801)-Kramnik,V (2772) London 2009 CBM 134 [Carlsen,M]  
(1-0, 43)}) (18... Bb3 19. Qe2 Nf7 {is an important alternative. With the
queen on e2, White looks entitled to play} 20. f4 $5 {Kozlov,G (2317)
-Bukavshin,I (2517) Samara 2013 (1/ 2-1/2, 99)}) 19. Ne2 {With this move White
practically embarks on a mutual waiting game.} (19. Nd1 {is the introduction
to a more coherent plan, which will fail to consolidate White's advantage
against Black's accurate play, though.} Bf8 20. Bf1 {[%csl Gd3][%cal Gc2c7]} (
20. Qxc7 Qxc7 21. Rxc7 Rxd3 22. Rxb7 Nc4 $132) 20... Rd7 21. d4 (21. Nc5 Bxc5
22. Qxc5 Ng5) 21... exd4 22. exd4 {If allowed to play Ne3, White would achieve
a comfortable regrouping. Black can react energetically, though.} Bb3 23. Qe2 (
23. Qd3 $2 Ne5 {[%csl Gc4]}) 23... Re7 24. Qd3 Bd5 (24... Bc4 $143 25. Rxc4
Nxc4 26. Nxf6+ gxf6 27. Qxc4 $16) 25. Ndc3 (25. Bg2 f5 $15) (25. Nd2 Ng5 26.
Ne3 Nh3+ 27. Bxh3 Qxh3 28. Nxd5 Nxd5 $15) (25. f3 Qd7 26. Ne3 Bxe4 27. fxe4
Rae8 28. Bg2 Ng5 29. Nf5 Rxe4 $1 30. Bxe4 Rxe4 31. Rf1 g6 32. Ne3 f5 $15) 25...
Bc4 26. Qf3 Bxf1 27. Rxf1 $13) (19. Qe2 Bh3 $1 $15 {[%csl Gg2]} 20. Bf3 {
[%cal Gg3g4]} f5 21. Nd2 {[%csl Re8,Gf7][%cal Yf7g5]} Ng5 $17) 19... Bf8 {
[%csl Rd3]} 20. h4 {Another sign of the lack of a concrete plan, so typical
for this variation. White simply makes moves he considers useful for later.} (
20. Qxc7 Qxc7 21. Rxc7 Rxd3 22. Rxb7 Nc4 $132 {[%csl Ra3,Ya4]}) (20. f4 Bb3 21.
Qc3 Qd7 22. fxe5 Nd5 23. Qd2 Nxe5 $132) 20... Rb8 {[%csl Yb7]} 21. N2c3 {
Not much has changed in Black's position over the past few moves, so this can
be safely considered a loss of two tempi.} Bb3 22. Qe2 Qd7 {[%csl Rd3] [#]} 23.
Nd2 (23. Bf1 {[%cal Ge4d2,Gd2c4]}) 23... Be6 {[%csl Rd2,Ge6]} (23... Qxd3 $5
24. Qxd3 Rxd3 25. Nxb3 axb3 26. Ne4 f5 27. Nc5 Bxc5 28. Rxc5 Rbd8 $36 {[%cal
Gd3d1,Gb6a4]}) 24. Nc4 (24. Bf1 Bg4 $5) 24... Qxd3 {This leads to general
exchanges and an obvious draw.} (24... Nxc4 25. dxc4 Bf5 26. Ra1 Bd3 27. Qd1
Bxc4 28. Qxa4 $13 {White's slight initiative on the light squares is
neutralised by the relative inactivity of his b2-bishop.}) 25. Qxd3 Rxd3 26.
Nxb6 cxb6 27. Nxa4 Rb3 {[%csl Ra3,Rb5,Rb6,Rb7]} 28. Bf1 Nd6 29. Rc3 Rxc3 30.
Bxc3 Nc4 31. Bb4 Nxa3 32. Bxa3 Bxa3 33. Nxb6 Kf7 34. Rd1 Ke7 35. Nd5+ Bxd5 36.
Rxd5 Rd8 37. Rxd8 Kxd8 38. Bd3 h6 39. h5 Ke7 40. Kg2 Ke6 1/2-1/2

[Event "EU-chT (Men) 21st"]
[Site "Heraklion"]
[Date "2017.10.30"]
[Round "3.1"]
[White "Model game 5: Gelfand, Boris"]
[Black "Edouard, Romain"]
[Result "1-0"]
[WhiteElo "2737"]
[BlackElo "2607"]
[Annotator "Kuljasevic, Davorin"]
[PlyCount "80"]
[EventDate "2017.10.28"]
[EventType "team-swiss"]
[EventRounds "9"]
[EventCountry "GRE"]
[SourceTitle "CBM 182"]
[Source "ChessBase"]
[SourceDate "2018.01.17"]
[SourceVersion "1"]
[SourceVersionDate "2018.01.17"]
[SourceQuality "1"]
[WhiteTeam "Israel"]
[BlackTeam "France"]
[WhiteTeamCountry "ISR"]
[BlackTeamCountry "FRA"]

{[%evp 0,80,18,-23,-20,-20,-20,-20,-20,-18,0,0,-34,0,0,0,0,-1,-1,-2,-5,-16,-20,
-19,-19,-40,-44,-33,-25,-17,10,-3,20,20,20,37,45,37,37,58,58,57,58,58,36,34,59,
51,73,73,91,87,81,97,103,113,126,118,98,98,157,93,138,138,138,144,219,237,280,
289,289,289,297,230,328,340,335,335,802,819,1117,1138,1159]} 1. c4 e5 2. Nc3
Nf6 3. Nf3 Nc6 4. g3 d5 5. cxd5 Nxd5 6. Bg2 Nb6 7. O-O Be7 8. a3 O-O 9. b4 Be6
10. Rb1 f6 11. b5 $5 {This is a relatively recent White’s attempt to change
the nature of the battle from a strategic, maneuvering one, as we have seen in
the first four games, to a more direct one.} Nd4 12. e3 Nxf3+ 13. Bxf3 {
[%csl Rb7][%cal Gd2d4] [#] White’s plan is to put the pressure on b7 and
c7-pawn as usual, but here he also combines it with a quick central d2-d4
break.} Rb8 ({I actually prefer Nakamura’s strategy of keeping the center
closed, as in the following game:} 13... Qc8 14. d4 Rd8 {[%csl Rd4][%cal Re5d4]
} 15. Re1 f5 {[%csl Rf3][%cal Ge5e4]} 16. a4 e4 17. Be2 c5 $1 18. bxc6 bxc6 $2
{[%csl Rc6]} (18... Qxc6 19. Bd2 Nc4 $132 {[%csl Yc4,Yc6,Ye6][%cal Ga8c8]}) 19.
Qc2 (19. a5 Nd5 20. Bd2 {[%csl Rc6]} c5 21. Nxd5 Bxd5 22. dxc5 $16 {[%cal
Gb1c1,Gd2b4]}) 19... c5 20. dxc5 Qxc5 21. Bb2 Bf6 $36 {[%csl Rc3]} 22. Rbc1 Qb4
23. Qb1 Rac8 24. a5 Nc4 25. Bxc4 Rxc4 $19 {0-1 (35) Dubov,D (2710)-Nakamura,H 
(2736) Chess. com INT 2021}) 14. d4 exd4 15. exd4 Qd7 16. Re1 {[%csl Rb7,Rc7,
Rd4][%cal Ge1e7,Yc1f4] White achieves strong piece play in the center and
Black needs to play carefully now.} Rfe8 $6 {This is too passive.} (16... Bf7
17. a4 Nc4 $132) 17. a4 $36 {[%cal Ga4a5] [#] White has a serious positional
initiative now since Black cannot play ...Nc4 anymore.} Bf7 (17... Nc4 $4 18.
Rxe6 Qxe6 19. Bd5 $18) 18. a5 Nd5 19. Nxd5 Bxd5 20. Bf4 {[%csl Rc7][%cal Gb5b6]
} Rbc8 21. Bg4 $1 f5 22. Bf3 {[%csl Ye5]} Bf6 23. Be5 $16 Bxe5 24. dxe5 Rcd8
25. Bxd5+ Qxd5 26. Qc2 Qf7 27. a6 {[%csl Rc7,Ye5]} b6 28. Qc6 Re6 29. Qb7 f4
30. Rbc1 fxg3 31. hxg3 Rf8 32. Rf1 Qh5 33. Rxc7 Rh6 34. Qd5+ Kh8 35. Qg2 Qxe5
36. Rxa7 Qxb5 37. Ra8 Rhf6 38. Qb7 h5 39. a7 Qa5 40. Rc8 Kh7 1-0